All Priority Moves (Pokemon) - Statistics

General Stats
  • This quiz has been taken 19 times
    10 since last reset
  • The average score is 27 of 45
Answer Stats
Hint Answer % Correct
+1, Water Aqua Jet
100%
+2, Normal Extreme Speed
100%
+1, Fighting Mach Punch
100%
+1, Ghost Shadow Sneak
100%
+1, Steel Bullet Punch
88%
-6, Dragon Dragon Tail
88%
+1, Ice Ice Shard
88%
+1, Water Jet Punch
88%
+1, Normal Quick Attack
88%
+1, Dark Sucker Punch
88%
+1, Rock Accelerock
75%
+4, Fighting Detect
75%
+3, Normal Fake Out
75%
-5, Psychic Mirror Coat
75%
+4, Normal Protect
75%
-6, Normal Roar
75%
+4, Grass Spiky Shield
75%
+1, Fighting Vacuum Wave
75%
-6, Normal Whirlwind
75%
-6, Fighting Circle Throw
63%
-5, Fighting Counter
63%
+2, Bug First Impression
63%
+1, Grass* Grassy Glide
63%
+3, Fighting Quick Guard
63%
-6, Psychic Teleport
63%
+1, Electric Thunderclap
63%
-7, Psychic Trick Room
63%
+3, Rock Wide Guard
63%
-4, Ice Avalanche
50%
+1, Fairy Baby Doll Eyes
50%
+4, Poison Baneful Bunker
50%
+2, Normal Feint
50%
+2, Normal Follow Me
50%
+5, Normal Helping Hand
38%
+4, Steel King’s Shield
38%
+2, Bug Rage Powder
38%
+1, Water Water Shuriken
38%
-3, Flying Beak Blast
25%
+4, Fire Burning Bulwark
25%
+4, Bug Silk Trap
25%
+2, Psychic Ally Switch
13%
+4, Normal Endure
13%
-3, Fighting Focus Punch
13%
+4, Dark Obstruct
13%
+3, Fighting Upper Hand
0%
No matching quizzes found
Score Distribution
Percent of People with Each Score
Percentile by Number Answered
Your Score History
You have not taken this quiz since the last reset